Gimme Five: People of the Arts Quiz Stats

 Plays Quiz Updated Sep 13, 2013

Support Sporcle.
Go Orange.
Score 0/30 Timer 06:00
0 Plays Today
% Correct
100%
99.9%
99.9%
99.9%
99.9%
Salvador Dalí
79.2%
Mark Twain
78.2%
Pablo Picasso
67.1%
Andy Warhol
62.4%
Ernest Hemingway
57.2%
Oscar Wilde
49%
John Williams
45.3%
Roman Polanski
39.1%
Stanley Kubrick
34%
Kathryn Bigelow
33.6%
% Correct
Agatha Christie
32.2%
Jackson Pollock
29.4%
David Lynch
25.2%
George Bernard Shaw
25.2%
Georgia O'Keeffe
23.2%
Franz Kafka
22.8%
John Steinbeck
20.4%
Scott Joplin
19.9%
Philip Glass
15.1%
Samuel Beckett
15.1%
Eugene O'Neill
14.6%
David Mamet
10.3%
Wynton Marsalis
9.5%
Igor Stravinsky
8.1%
Preston Sturges
2.7%

From the Vault

Countries in Multiple Time Zones

by sproutcm

If you are in the future, and we're in the past, but we are talking, who is time traveling?
Remove Ads.
Support Sporcle.
Get the best of Sporcle when you Go Orange. This ad-free experience offers more features, more stats, and more fun while also helping to support Sporcle. Thank you for becoming a member.

Show Comments

Extras

Top Quizzes Today


Score Distribution

Your Account Isn't Verified!

In order to create a playlist on Sporcle, you need to verify the email address you used during registration. Go to your Sporcle Settings to finish the process.

Report this User

Report this user for behavior that violates our Community Guidelines.

Details: